[Event "FAI-chT2 1516"]
[Site "Faroe Islands"]
[Date "2016.03.12"]
[Round "7.4"]
[White "Joensen, Hans Danjal"]
[Black "Hojgaard, Wenzel"]
[Result "0-1"]
[WhiteElo "1585"]
[BlackElo "1792"]
[PlyCount "86"]
[EventDate "2015.10.25"]
[EventType "team-tourn"]
[EventRounds "10"]
[EventCountry "FAI"]
[SourceTitle "EXT 2017"]
[Source "ChessBase"]
[SourceDate "2016.10.25"]
[SourceVersion "1"]
[SourceVersionDate "2016.10.25"]
[SourceQuality "1"]
[WhiteTeam "Sandavagur III"]
[BlackTeam "Toftir"]
[WhiteTeamCountry "FAI"]
[BlackTeamCountry "FAI"]

1. e4 d5 2. exd5 Qxd5 3. Qf3 Qa5 4. Nc3 Nf6 5. Bc4 c6 6. h3 e6 7. Nge2 Nbd7 8. d4 Bd6 9. 0-0 Qc7 10. Re1 0-0 11. Bg5 Re8 12. Rad1 b6 13. Bxf6 Nxf6 14. Ne4 Nxe4 15. Qxe4 Bb7 16. Qf3 Rad8 17. Qb3 b5 18. Bd3 a6 19. Nc3 c5 20. dxc5 Bxc5 21. Be4 Qb6 22. Rf1 Rxd1 23. Rxd1 Bxf2+ 24. Kh1 Bc5 25. Bxb7 Qxb7 26. Ne2 g6 27. Qd3 Rc8 28. Ng3 Be7 29. Qe2 Qc7 30. Qf3 Qxc2 31. Rd7 Rc7 32. Rxc7 Qxc7 33. Ne4 Qe5 34. b3 f5 35. Nd2 Bd6 36. Qa8+ Kg7 37. Qb7+ Kh6 38. Nf1 Qf4 39. Qf3 Qxf3 40. gxf3 Kg5 41. Kg2 Kf4 42. Kf2 Bc5+ 43. Kg2 e5 0-1

[Event "FAI-chT2 1516"]
[Site "Faroe Islands"]
[Date "2016.01.10"]
[Round "5.4"]
[White "Skuvadal, Frodi"]
[Black "Hojgaard, Wenzel"]
[Result "0-1"]
[WhiteElo "1405"]
[BlackElo "1792"]
[PlyCount "42"]
[EventDate "2015.10.25"]
[EventType "team-tourn"]
[EventRounds "10"]
[EventCountry "FAI"]
[SourceTitle "EXT 2017"]
[Source "ChessBase"]
[SourceDate "2016.10.25"]
[SourceVersion "1"]
[SourceVersionDate "2016.10.25"]
[SourceQuality "1"]
[WhiteTeam "Vestmanna"]
[BlackTeam "Toftir"]
[WhiteTeamCountry "FAI"]
[BlackTeamCountry "FAI"]

1. e4 d5 2. exd5 Qxd5 3. Nc3 Qa5 4. Nf3 Nf6 5. Bc4 Bg4 6. 0-0 e6 7. Be2 c6 8. d3 Nbd7 9. Bd2 Qc7 10. Re1 Bd6 11. g3 0-0-0 12. a4 h5 13. h4 Bxg3 14. Ne4 Nxe4 15. dxe4 Bxf3 16. Bxf3 Bxh4 17. Bxh5 Bxf2+ 18. Kxf2 Qh2+ 19. Ke3 Rxh5 20. Rh1 Rh3+ 21. Kd4 Nb6+ 0-1

[Event "FAI-chT2 1516"]
[Site "Faroe Islands"]
[Date "2015.10.31"]
[Round "3.3"]
[White "Hojgaard, Wenzel"]
[Black "Hansen, Birgir"]
[Result "0-1"]
[WhiteElo "1792"]
[BlackElo "1732"]
[PlyCount "88"]
[EventDate "2015.10.25"]
[EventType "team-tourn"]
[EventRounds "10"]
[EventCountry "FAI"]
[SourceTitle "EXT 2017"]
[Source "ChessBase"]
[SourceDate "2016.10.25"]
[SourceVersion "1"]
[SourceVersionDate "2016.10.25"]
[SourceQuality "1"]
[WhiteTeam "Toftir"]
[BlackTeam "Havnin II"]
[WhiteTeamCountry "FAI"]
[BlackTeamCountry "FAI"]

1. d4 Nf6 2. Nf3 c5 3. d5 e6 4. dxe6 fxe6 5. c3 Nc6 6. Bg5 Be7 7. e3 d5 8. Nbd2 e5 9. Bb5 Qc7 10. h3 e4 11. Nh4 0-0 12. Bxc6 Qxc6 13. g4 Be6 14. Ng2 Rad8 15. Qe2 d4 16. cxd4 cxd4 17. 0-0 d3 18. Qd1 Rc8 19. Nf4 Bd5 20. Rc1 Qd7 21. Nxd5 Qxd5 22. Bxf6 Bxf6 23. b3 b5 24. a4 a6 25. axb5 axb5 26. b4 Rc3 27. Rb1 Rfc8 28. Nb3 Be5 29. f4 exf3 30. Qxf3 Qxf3 31. Rxf3 Rd8 32. Rf2 Rxb3 33. Rxb3 d2 34. Rxd2 Rxd2 35. Rb1 Rb2 36. Rd1 Rxb4 37. Kf2 Rc4 38. Ke2 b4 39. Rb1 Bc3 40. Kd3 Rc7 41. e4 Kf7 42. Rb3 Ke6 43. Rb1 Rd7+ 44. Ke3 Ke5 0-1

[Event "FAI-chT2 1516"]
[Site "Faroe Islands"]
[Date "2015.10.31"]
[Round "2.3"]
[White "Ortind, Joannes"]
[Black "Hojgaard, Wenzel"]
[Result "0-1"]
[WhiteElo "1461"]
[BlackElo "1792"]
[PlyCount "96"]
[EventDate "2015.10.25"]
[EventType "team-tourn"]
[EventRounds "10"]
[EventCountry "FAI"]
[SourceTitle "EXT 2017"]
[Source "ChessBase"]
[SourceDate "2016.10.25"]
[SourceVersion "1"]
[SourceVersionDate "2016.10.25"]
[SourceQuality "1"]
[WhiteTeam "Sandavagur III"]
[BlackTeam "Toftir"]
[WhiteTeamCountry "FAI"]
[BlackTeamCountry "FAI"]

1. e4 d5 2. exd5 Qxd5 3. Nc3 Qa5 4. Bc4 Nf6 5. d3 Bg4 6. f3 Bh5 7. Nge2 c6 8. Bd2 Qb6 9. Bb3 e6 10. Ng3 Bg6 11. Qe2 Nbd7 12. Nge4 Be7 13. Be3 Qc7 14. Qf2 Bb4 15. 0-0 h5 16. Ne2 h4 17. c3 Be7 18. d4 h3 19. g3 Nxe4 20. fxe4 Nf6 21. Bf4 Qd7 22. e5 Ng4 23. Qf3 Bh5 24. Qd3 g5 25. Qe4 gxf4 26. Nxf4 Nxh2 27. Kxh2 Bg4 28. Nd3 Bf5 29. Qe2 0-0-0 30. Nf2 Rdg8 31. Ne4 Rg4 32. Rf4 Rxf4 33. gxf4 c5 34. Rd1 Rg8 35. Rg1 Rxg1 36. Kxg1 cxd4 37. Qc4+ Kb8 38. Nf6 Bxf6 39. exf6 d3 40. Qc5 b6 41. Qf8+ Kc7 42. Qa8 Qc6 43. Qxa7+ Qb7 44. Qxb7+ Kxb7 45. Bd1 Kc6 46. Bh5 d2 47. Bf3+ Kc5 48. Kf2 Be4 0-1

[Event "FAI-chT 1415"]
[Site "Faroe Islands"]
[Date "2015.01.24"]
[Round "8.4"]
[White "Jacobsen, Heidrikur Tindskar"]
[Black "Hojgaard, Wenzel"]
[Result "1-0"]
[WhiteElo "1933"]
[BlackElo "1854"]
[PlyCount "69"]
[EventDate "2014.10.26"]
[EventType "team-tourn"]
[EventRounds "10"]
[EventCountry "FAI"]
[SourceTitle "EXT 2019"]
[Source "ChessBase"]
[SourceDate "2018.10.10"]
[SourceVersion "1"]
[SourceVersionDate "2018.10.10"]
[SourceQuality "1"]
[WhiteTeam "Havnin"]
[BlackTeam "Toftir"]
[WhiteTeamCountry "FAI"]
[BlackTeamCountry "FAI"]

1. Nc3 d5 2. e4 d4 3. Nce2 e5 4. Ng3 Nf6 5. Bc4 Bd6 6. h3 Nc6 7. Nf3 h6 8. d3 Na5 9. Bb3 Nxb3 10. axb3 Be6 11. 0-0 Qd7 12. Kh2 a6 13. Qd2 g5 14. Qe2 g4 15. Nxd4 exd4 16. e5 gxh3 17. gxh3 0-0-0 18. exd6 Qxd6 19. f4 Qc6 20. Ra4 Rhe8 21. Qf2 Kb8 22. f5 Bc8 23. Rc4 Qd5 24. Bf4 Re7 25. Ne2 Rde8 26. Nxd4 Ka8 27. Rxc7 Bxf5 28. Rxe7 Rxe7 29. Bg3 Ng4+ 30. hxg4 Bxg4 31. Qf6 Re3 32. Qh8+ Ka7 33. Qb8+ Kb6 34. Bc7+ Kc5 35. Qa7+ 1-0

[Event "FAI-chT 1314"]
[Site "Torshavn"]
[Date "2014.03.15"]
[Round "10.2"]
[White "Christiansen, Hans Jakup"]
[Black "Hojgaard, Wenzel"]
[Result "1/2-1/2"]
[WhiteElo "1550"]
[BlackElo "1824"]
[PlyCount "104"]
[EventDate "2013.10.27"]
[EventType "team-tourn"]
[EventRounds "10"]
[EventCountry "FAI"]
[SourceTitle "EXT 2019"]
[Source "ChessBase"]
[SourceDate "2018.10.10"]
[SourceVersion "1"]
[SourceVersionDate "2018.10.10"]
[SourceQuality "1"]
[WhiteTeam "Klaksvik II"]
[BlackTeam "Toftir"]
[WhiteTeamCountry "FAI"]
[BlackTeamCountry "FAI"]

1. d4 d5 2. Nf3 Nf6 3. Bf4 c6 4. e3 Qb6 5. Qc1 Bf5 6. Nbd2 e6 7. h3 Nbd7 8. g4 Be4 9. Nxe4 Nxe4 10. Bd3 Be7 11. c3 g5 12. Bh2 h5 13. Qc2 hxg4 14. hxg4 Rh3 15. Ng1 Rh4 16. f3 Ng3 17. Bxg3 Rxh1 18. Bh2 Bd6 19. f4 gxf4 20. Qg2 Rxg1+ 21. Bxg1 fxe3 22. Bxe3 0-0-0 23. 0-0-0 Qc7 24. Rf1 f6 25. Qh3 c5 26. Bb5 cxd4 27. Bxd4 e5 28. Bxd7+ Qxd7 29. Bxa7 Be7 30. Rh1 Qa4 31. Bb6 Rg8 32. a3 Qxg4 33. Qxg4+ Rxg4 34. Kc2 Rg2+ 35. Kc1 Kd7 36. Rh5 Ke6 37. a4 Bd6 38. Rh7 Be7 39. a5 e4 40. Bd4 Rg3 41. Kd2 Rg2+ 42. Kc1 Rg8 43. b4 Rf8 44. Kd2 Re8 45. Rh6 Rg8 46. Rh7 Rc8 47. Ke3 Rf8 48. Kf4 Bd6+ 49. Ke3 Be7 50. Kf4 Bd6+ 51. Ke3 Be7 52. Kf4 Rc8 1/2-1/2

[Event "FAI-chT2 1213"]
[Site "Faroe Islands"]
[Date "2013.03.09"]
[Round "10.2"]
[White "Berg, Margar"]
[Black "Hojgaard, Wenzel"]
[Result "1-0"]
[WhiteElo "1842"]
[BlackElo "1850"]
[PlyCount "131"]
[EventDate "2012.10.28"]
[EventType "team-tourn"]
[EventRounds "10"]
[EventCountry "FAI"]
[SourceTitle "EXT 2014"]
[Source "ChessBase"]
[SourceDate "2013.11.20"]
[SourceVersion "1"]
[SourceVersionDate "2013.11.20"]
[SourceQuality "1"]
[WhiteTeam "Havnin II"]
[BlackTeam "Toftir"]
[WhiteTeamCountry "FAI"]
[BlackTeamCountry "FAI"]

1. d4 d5 2. Bg5 Bf5 3. e3 c6 4. Nf3 Qb6 5. b3 e6 6. Nbd2 Bb4 7. Bf4 Nf6 8. Be2 Ne4 9. Bd3 Nc3 10. Qc1 Bxd3 11. cxd3 Qa6 12. Qc2 Qa3 13. Be5 f6 14. Bd6 Bxd6 15. Qxc3 Nd7 16. 0-0 0-0 17. Qc2 Rac8 18. Rae1 c5 19. Nb1 Qa5 20. Qe2 e5 21. dxc5 Bxc5 22. Nh4 Bb6 23. Nf5 g6 24. Ne7+ Kf7 25. Nxc8 Rxc8 26. Rc1 Rc6 27. e4 Bd4 28. Rxc6 bxc6 29. Qc2 Qb6 30. Rc1 dxe4 31. dxe4 c5 32. Qc4+ Kg7 33. Rc2 Qc6 34. Nd2 Nb6 35. Qd3 Qb7 36. a3 Nd7 37. Nc4 h5 38. Ne3 Kh6 39. Nd5 Kg7 40. Kf1 Nb6 41. Nxb6 axb6 42. f3 Qa7 43. Ra2 Qa5 44. a4 Kh7 45. Qc4 Kg7 46. Rc2 Qa7 47. Qb5 Kh6 48. Rc4 Qc7 49. b4 Qd6 50. Ke2 f5 51. a5 fxe4 52. axb6 exf3+ 53. gxf3 e4 54. Rxd4 cxd4 55. fxe4 Qxh2+ 56. Kd3 h4 57. b7 Qg3+ 58. Kxd4 Qd6+ 59. Kc4 Qb8 60. Qd7 Qe5 61. Qd2+ g5 62. Kb3 h3 63. Qd8 Qe6+ 64. Qd5 Qb6 65. e5 g4 66. Qd6+ 1-0

[Event "FAI-chT2 1213"]
[Site "Faroe Islands"]
[Date "2012.11.18"]
[Round "3.2"]
[White "Hojgaard, Wenzel"]
[Black "Jacobsen, Suni"]
[Result "1-0"]
[WhiteElo "1850"]
[BlackElo "1857"]
[PlyCount "103"]
[EventDate "2012.10.28"]
[EventType "team-tourn"]
[EventRounds "10"]
[EventCountry "FAI"]
[SourceTitle "EXT 2014"]
[Source "ChessBase"]
[SourceDate "2013.11.20"]
[SourceVersion "1"]
[SourceVersionDate "2013.11.20"]
[SourceQuality "1"]
[WhiteTeam "Toftir"]
[BlackTeam "Havnin III"]
[WhiteTeamCountry "FAI"]
[BlackTeamCountry "FAI"]

1. d4 Nf6 2. Nf3 g6 3. Nc3 d5 4. Bf4 Bg7 5. Qd2 0-0 6. Bh6 Nc6 7. Bxg7 Kxg7 8. e3 Bf5 9. Bd3 Bxd3 10. Qxd3 Qd6 11. 0-0 a6 12. Rfe1 e5 13. dxe5 Nxe5 14. Nxe5 Qxe5 15. Qd4 Qxd4 16. exd4 Rfe8 17. f3 c6 18. Kf2 Nd7 19. b3 Nf8 20. Rxe8 Rxe8 21. Na4 Ne6 22. Re1 Rd8 23. c3 Kf6 24. g3 b5 25. Nc5 Nxc5 26. dxc5 a5 27. Re2 b4 28. cxb4 axb4 29. Ke1 Rd7 30. Kd2 Re7 31. Rf2 Re6 32. Kd3 Re5 33. a4 bxa3 34. Ra2 Re1 35. Rxa3 Rc1 36. b4 Rc4 37. Ra6 Rxb4 38. Rxc6+ Ke7 39. Rd6 Rb3+ 40. Kd4 Rxf3 41. Rxd5 Rf2 42. c6 Rd2+ 43. Kc5 Rxd5+ 44. Kxd5 f5 45. h4 h6 46. Ke5 g5 47. hxg5 hxg5 48. Kxf5 Kd6 49. Kxg5 Kxc6 50. Kg6 Kd6 51. g4 Ke7 52. Kg7 1-0